[Event "FRA-chT U20 1112"]
[Site "France"]
[Date "2011.12.18"]
[Round "6.6"]
[White "Machiels, Etienne"]
[Black "Heurteaux, Raphael"]
[Result "0-1"]
[WhiteElo "1544"]
[BlackElo "1528"]
[PlyCount "46"]
[EventDate "2011.12.03"]
[EventType "team-swiss"]
[EventRounds "7"]
[EventCountry "FRA"]
[SourceTitle "EXT 2013"]
[Source "ChessBase"]
[SourceDate "2012.11.22"]
[SourceVersion "1"]
[SourceVersionDate "2012.11.22"]
[SourceQuality "1"]

1. e4 c5 2. Nf3 Nc6 3. d4 cxd4 4. Nxd4 Nf6 5. Nc3 e5 6. Ndb5 d6 7. Bg5 a6 8. Bxf6 gxf6 9. Na3 b5 10. Nd5 Bg7 11. Be2 f5 12. exf5 Bxf5 13. c3 0-0 14. 0-0 Ne7 15. Bf3 Nxd5 16. Qxd5 Rc8 17. Rad1 Qg5 18. Qxd6 Rfd8 19. Qxa6 e4 20. Qb7 exf3 21. Qxf3 Rxd1 22. Rxd1 Bg4 23. Qg3 Be5 0-1

[Event "FRA-chT U20 1112"]
[Site "France"]
[Date "2011.12.17"]
[Round "4.5"]
[White "Heurteaux, Raphael"]
[Black "Beneteau Desmoulieres, Mael"]
[Result "1-0"]
[WhiteElo "1528"]
[BlackElo "1470"]
[PlyCount "117"]
[EventDate "2011.12.03"]
[EventType "team-swiss"]
[EventRounds "7"]
[EventCountry "FRA"]
[SourceTitle "EXT 2013"]
[Source "ChessBase"]
[SourceDate "2012.11.22"]
[SourceVersion "1"]
[SourceVersionDate "2012.11.22"]
[SourceQuality "1"]

1. e4 c5 2. Nf3 Nc6 3. d4 cxd4 4. Nxd4 g6 5. Nc3 Bg7 6. Be3 Nf6 7. g3 0-0 8. Bg2 d6 9. Qd2 Ng4 10. Nxc6 bxc6 11. 0-0 Nxe3 12. Qxe3 Rb8 13. Rab1 Be6 14. Rfd1 Qd7 15. b3 Bh3 16. Bh1 h5 17. Ne2 Kh7 18. Nf4 Bh6 19. e5 h4 20. Rd4 c5 21. Rc4 Rb4 22. Rxb4 cxb4 23. exd6 Qxd6 24. Qf3 hxg3 25. Nxh3 gxh2+ 26. Kg2 g5 27. Qf5+ Kh8 28. Re1 g4 29. Ng5 Bxg5 30. Qxg5 Rg8 31. Qe5+ Qxe5 32. Rxe5 e6 33. Rh5+ Kg7 34. Rg5+ Kf8 35. Rxg8+ Kxg8 36. Kxh2 Kg7 37. Kg3 f5 38. Kf4 Kf6 39. Ke3 Ke5 40. Kd3 Kf4 41. Kc4 g3 42. fxg3+ Kxg3 43. Kxb4 e5 44. Kc3 e4 45. Kd4 Kh2 46. Bxe4 fxe4 47. c4 e3 48. Kxe3 Kg3 49. c5 Kg4 50. c6 Kf5 51. c7 Ke6 52. c8Q+ Kd6 53. Kd4 Ke7 54. Ke5 Kf7 55. Qe6+ Kg7 56. Kf5 Kh7 57. Qg6+ Kh8 58. Kf6 a5 59. Qg7# 1-0